[Event "Villa Martelli IRT 2nd"]
[Site "?"]
[Date "2002.??.??"]
[Round "9"]
[White "Miserendino Alfredo"]
[Black "Strok Boris"]
[Result "1-0"]
[WhiteElo "2239"]
[BlackElo "2067"]
[PlyCount "63"]
[EventDate "2002.??.??"]
[Source "www.chesslib.no"]
[SourceDate "2004.05.04"]

1. e4 e5 2. f4 exf4 3. Nf3 g5 4. Bc4 Bg7 5. O-O d6 6. d4 Nc6 7. Kh1 Bg4 8. c3 Qe7 9. Qb3 O-O-O 10. Bd5 Be6 11. Qa4 Bxd5 12. exd5 Nb8 13. Na3 a6 14. Bd2 Nh6 15. Rae1 Qf6 16. Ng1 Nf5 17. Qd1 h5 18. Nh3 Qg6 19. b4 b5 20. c4 Bxd4 21. cxb5 Rhe8 22. bxa6 Rxe1 23. Rxe1 Nxa6 24. Qa4 Nb8 25. Nb5 Bb6 26. Rc1 Ne7 27. Qa7 Nxd5 28. Qxb6 c5 29. Na7+ Kd7 30. Qb7+ Nc7 31. bxc5 dxc5 32. Ba5 1-0

[Event "BdF"]
[Site "?"]
[Date "1997.??.??"]
[Round "5"]
[White "Moissl Richard"]
[Black "Frank Heinrich Dr"]
[Result "1/2-1/2"]
[WhiteElo "2194"]
[BlackElo "2089"]
[PlyCount "49"]
[EventDate "1997.??.??"]
[Source "www.chesslib.no"]
[SourceDate "2004.05.04"]

1. e4 e5 2. f4 exf4 3. Nf3 g5 4. Bc4 Bg7 5. O-O d6 6. d4 h6 7. c3 Nc6 8. Qb3 Na5 9. Bxf7+ Kf8 10. Qa3 Kxf7 11. Qxa5 b6 12. Qb5 a6 13. Qd3 Be6 14. Nbd2 Ne7 15. Ne1 Ng6 16. Nc2 Qd7 17. b3 Rhe8 18. Ba3 a5 19. c4 c5 20. Rad1 a4 21. Nf3 axb3 22. axb3 g4 23. d5 gxf3 24. dxe6+ Qxe6 25. gxf3 1/2-1/2

[Event "Sparkassen op-A"]
[Site "Dortmund"]
[Date "2000.07.09"]
[Round "3"]
[White "Villwock, Martin"]
[Black "Schaper, Bjoern"]
[Result "1/2-1/2"]
[WhiteElo "2122"]
[BlackElo "2122"]
[PlyCount "81"]
[EventDate "2000.07.07"]
[Source "www.chesslib.no"]
[SourceDate "2004.05.04"]

1. e4 e5 2. f4 exf4 3. Nf3 g5 4. Bc4 Bg7 5. O-O d6 6. d4 Be6 7. Bxe6 fxe6 8. Nc3 h6 9. Qd3 Qd7 10. e5 Ne7 11. exd6 cxd6 12. Bd2 e5 13. dxe5 dxe5 14. Qe2 Nbc6 15. Ne4 O-O-O 16. Bc3 Nf5 17. Rfd1 Qe7 18. Qb5 Ne3 19. Rd3 Nxc2 20. Rc1 Rxd3 21. Qxd3 N2d4 22. b4 Nxf3+ 23. Qxf3 Kb8 24. Nc5 Rd8 25. Na6+ Ka8 26. b5 e4 27. Qg4 bxa6 28. Bxg7 Qxg7 29. bxc6 Qd4+ 30. Kh1 Qd2 31. Rg1 Qd6 32. Rc1 f3 33. gxf3 exf3 34. Qxf3 Qc7 35. Rb1 Rc8 36. Rc1 Qf4 37. Qc3 Qe4+ 38. Kg1 Qg4+ 39. Kh1 Qe4+ 40. Kg1 Qg4+ 41. Kh1 1/2-1/2

[Event "Budapest FS04 Elo"]
[Site "Budapest"]
[Date "1999.04.07"]
[Round "5"]
[White "Dembo, Yelena"]
[Black "Szamoskozi, Gabor"]
[Result "1-0"]
[WhiteElo "2180"]
[BlackElo "2060"]
[PlyCount "87"]
[EventDate "1999.04.??"]
[Source "ChessBase"]
[SourceDate "1999.07.10"]

1. e4 e5 2. f4 exf4 3. Nf3 g5 4. Bc4 Bg7 5. O-O h6 6. c3 Ne7 7. d4 d6 8. g3 Bh3 9. Rf2 Ng6 10. Ne1 h5 11. Nd3 Nd7 12. gxf4 gxf4 13. Bxf4 Qe7 14. Nd2 O-O-O 15. Nf3 Bh6 16. Bxh6 Rxh6 17. Qd2 Nh4 18. Qxh6 Rg8+ 19. Kh1 Nxf3 20. Qf4 Ng5 21. Re1 c6 22. d5 Rg6 23. dxc6 bxc6 24. e5 d5 25. Ba6+ Kd8 26. Qe3 Be6 27. Qxa7 Ke8 28. Qa8+ Qd8 29. Qxd8+ Kxd8 30. Nf4 Rg7 31. Nxh5 Rg8 32. Nf4 Ke7 33. Bd3 Nh3 34. Nxh3 Bxh3 35. Bf5 Bxf5 36. Rxf5 Ke6 37. Rh5 Rg6 38. Rh8 c5 39. Re8+ Kf5 40. Re7 Nb6 41. Rxf7+ Kg5 42. Rg1+ Kh6 43. Rxg6+ Kxg6 44. Rf6+ 1-0

[Event "Corr"]
[Site "?"]
[Date "2000.??.??"]
[Round "?"]
[White "Briet Michel"]
[Black "Giraudet Pierre"]
[Result "1-0"]
[WhiteElo "2282"]
[BlackElo "1930"]
[PlyCount "41"]
[EventDate "2000.??.??"]
[Source "www.chesslib.no"]
[SourceDate "2004.05.04"]

1. e4 e5 2. f4 exf4 3. Nf3 g5 4. Bc4 Bg7 5. O-O g4 6. Ne1 g3 7. Rxf4 gxh2+ 8. Kh1 Nh6 9. Qh5 Qe7 10. d4 Rf8 11. Nf3 Nc6 12. Rh4 Ng8 13. e5 h6 14. Nc3 Nb4 15. Bb3 d6 16. exd6 Qxd6 17. Bf4 Qd7 18. Re1+ Kd8 19. Ne5 Bxe5 20. Rxe5 Re8 21. Bxf7 1-0

[Event "CZE Ch U20"]
[Site "Neratovice"]
[Date "1992.??.??"]
[Round "?"]
[White "Trefny, Vlastimil"]
[Black "Rehak, Martin"]
[Result "1-0"]
[WhiteElo "2210"]
[BlackElo "1995"]
[PlyCount "38"]
[EventDate "1992.??.??"]
[Source "www.chesslib.no"]
[SourceDate "2004.05.04"]

1. e4 e5 2. f4 exf4 3. Nf3 g5 4. Bc4 Bg7 5. O-O d6 6. d4 h6 7. c3 Nf6 8. e5 dxe5 9. Nxe5 Nd5 10. Nxf7 Kxf7 11. Bxf4 Ke7 12. Bxc7 Nxc7 13. Rf7+ Kd6 14. Nd2 Bf5 15. Qf3 Rf8 16. Rxg7 Bc2 17. Qxb7 Nc6 18. d5 Nxd5 19. Bxd5 Kxd5 1-0

[Event "Corr"]
[Site "?"]
[Date "2002.01.29"]
[Round "?"]
[White "Bourgault Pierre"]
[Black "Marcotulli Giancarlo"]
[Result "1/2-1/2"]
[WhiteElo "2097"]
[BlackElo "2066"]
[PlyCount "84"]
[EventDate "2002.??.??"]
[Source "www.chesslib.no"]
[SourceDate "2004.05.04"]

1. e4 e5 2. f4 exf4 3. Nf3 g5 4. Bc4 Bg7 5. O-O h6 6. d4 d6 7. c3 Nc6 8. b4 Nf6 9. b5 Ne7 10. Bd3 O-O 11. a4 Re8 12. Qc2 c5 13. d5 Ng4 14. h3 Ne5 15. Nxe5 Bxe5 16. Nd2 Ng6 17. Nc4 Bf6 18. a5 Rf8 19. Bb2 Qe7 20. b6 Ne5 21. bxa7 Nxc4 22. Bxc4 Rxa7 23. Bb5 Qc7 24. c4 Bxb2 25. Qxb2 f5 26. exf5 Bxf5 27. g4 Bd3 28. Rfd1 Bg6 29. Qc3 h5 30. gxh5 Bxh5 31. Re1 Bg6 32. Ra3 Qg7 33. Qxg7+ Kxg7 34. Re7+ Rf7 35. Re6 Bf5 36. Rxd6 Rf8 37. Rb6 Rfa8 38. d6 Rxa5 39. Rxa5 Rxa5 40. Rxb7+ Kf6 41. d7 Ra8 42. Rb6+ Ke7 1/2-1/2

[Event "XXIX Politiken Cup"]
[Site "Copenhagen DAN"]
[Date "2007.07.25"]
[Round "6"]
[White "Wilsbeck, J."]
[Black "Andersen, IbH"]
[Result "0-1"]
[WhiteElo "1925"]
[BlackElo "2172"]
[PlyCount "42"]
[EventDate "2007.07.21"]
[Source "www.chesslib.no"]
[SourceDate "2004.05.04"]

1. e4 e5 2. f4 exf4 3. Nf3 g5 4. Bc4 Bg7 5. O-O d6 6. d4 Nc6 7. c3 h6 8. g3 Bh3 9. Rf2 Nf6 10. Qe1 Ng4 11. Re2 Qf6 12. gxf4 gxf4 13. Qh4 Qxh4 14. Nxh4 Nxd4 15. Rd2 Bf6 16. cxd4 Bxh4 17. Bf1 Bxf1 18. Kxf1 f3 19. Rc2 f2 20. Bf4 Rg8 21. Rc3 Ne3+ 0-1

[Event "Corr"]
[Site "?"]
[Date "2001.03.17"]
[Round "?"]
[White "Ventimiglia Chuck"]
[Black "Perz Martial"]
[Result "1-0"]
[WhiteElo "1972"]
[BlackElo "2108"]
[PlyCount "95"]
[EventDate "2001.??.??"]
[Source "www.chesslib.no"]
[SourceDate "2004.05.04"]

1. e4 e5 2. f4 exf4 3. Nf3 g5 4. Bc4 Bg7 5. O-O d6 6. c3 Nh6 7. d4 Rg8 8. Qc2 g4 9. Ne1 f3 10. gxf3 gxf3 11. Kh1 Nc6 12. Nxf3 Bh3 13. Rf2 Bg4 14. e5 Bf5 15. Bd3 Bg6 16. Bxg6 hxg6 17. e6 f5 18. Rg2 Ne7 19. Nh4 Nd5 20. Nxg6 Qf6 21. Qe2 O-O-O 22. Bg5 Qxg6 23. Bxd8 Ng4 24. e7 Re8 25. Qf3 Nxe7 26. Bxe7 Rxe7 27. Na3 Qf7 28. Nc2 Kb8 29. Rf1 Nh6 30. Ne3 a6 31. Nxf5 Nxf5 32. Qxf5 Qe8 33. Rfg1 Rf7 34. Qh5 Qf8 35. b4 Ka7 36. b5 a5 37. Qe2 Re7 38. Qd3 Bh6 39. c4 Be3 40. Re1 Qf3 41. Rf1 Qh5 42. Rg3 Qh6 43. a4 Rh7 44. h3 Re7 45. Kg2 Bd2 46. c5 Bb4 47. c6 b6 48. Qf5 1-0

[Event "Corr"]
[Site "?"]
[Date "2002.12.03"]
[Round "?"]
[White "Grobler David J"]
[Black "Cehajic Mustafa"]
[Result "0-1"]
[WhiteElo "2021"]
[BlackElo "2058"]
[PlyCount "62"]
[EventDate "2002.??.??"]
[Source "www.chesslib.no"]
[SourceDate "2004.05.04"]

1. e4 e5 2. f4 exf4 3. Nf3 g5 4. Bc4 Bg7 5. O-O Nc6 6. c3 d6 7. d4 Qe7 8. h4 h6 9. b4 Nd8 10. Ba3 gxh4 11. e5 dxe5 12. b5 Qf6 13. Nxe5 Ne7 14. Qh5 Be6 15. Bxe6 Nxe6 16. Re1 Qf5 17. Qxh4 Bf6 18. Qf2 Rg8 19. Nd2 Ng6 20. Ndf3 Bxe5 21. Nxe5 O-O-O 22. Nf3 Ng5 23. Nxg5 Qxg5 24. Re2 Qg4 25. Rc2 Rde8 26. d5 Nh4 27. d6 Qh3 28. d7+ Kxd7 29. Rd2+ Kc8 30. Rad1 Nf3+ 31. Qxf3 Qxf3 0-1

[Event "Open"]
[Site "Liberec CZE"]
[Date "2007.11.13"]
[Round "4"]
[White "Kucera, Ja"]
[Black "Snorek, M."]
[Result "0-1"]
[WhiteElo "1980"]
[BlackElo "2061"]
[PlyCount "48"]
[EventDate "2007.11.10"]
[Source "www.chesslib.no"]
[SourceDate "2004.05.04"]

1. e4 e5 2. f4 exf4 3. Nf3 g5 4. Bc4 Bg7 5. O-O d6 6. d4 h6 7. c3 Ne7 8. b4 O-O 9. Qd3 c6 10. Bb3 d5 11. Nbd2 Bg4 12. Ne5 dxe4 13. Qxe4 Bf5 14. Qf3 Nd5 15. Qh5 Nd7 16. Ng4 Bxg4 17. Qxg4 Ne3 18. Qf3 Nxf1 19. Nxf1 Nf6 20. h3 Nd5 21. Nh2 Nxc3 22. Bb2 Qxd4+ 23. Kh1 Qe3 24. Qh5 Ne2 0-1

[Event "Sitges op r3"]
[Site "?"]
[Date "1989.??.??"]
[Round "?"]
[White "Barcelo"]
[Black "Saborit"]
[Result "0-1"]
[WhiteElo "2000"]
[BlackElo "2030"]
[PlyCount "70"]
[EventDate "1989.??.??"]
[Source "www.chesslib.no"]
[SourceDate "2004.05.04"]

1. e4 e5 2. f4 exf4 3. Nf3 g5 4. Bc4 Bg7 5. O-O h6 6. d4 d6 7. Nc3 Ne7 8. b4 Be6 9. Qd3 O-O 10. d5 Bg4 11. Bb2 Nd7 12. Bb3 Ng6 13. Nd4 Nde5 14. Qd2 Qe7 15. h3 Bd7 16. Qf2 Nh4 17. Rae1 Rae8 18. Nce2 f3 19. gxf3 Bxh3 20. Ng3 Bxf1 21. Ngf5 Nxf5 22. Nxf5 Qf6 23. Kxf1 Qg6 24. Ba4 c6 25. dxc6 bxc6 26. Bxc6 Re6 27. Bd5 Kh7 28. Bxe6 fxe6 29. Nxg7 Rxf3 30. Qxf3 Nxf3 31. Re3 Ne5 32. Bxe5 dxe5 33. Nxe6 Qxe6 34. Rc3 Qxa2 35. Rc7+ Kg6 0-1

[Event "Budapest HUN"]
[Site "?"]
[Date "2005.06.11"]
[Round "8"]
[White "Rummel Zsolt"]
[Black "Ladanyi Gyula"]
[Result "0-1"]
[WhiteElo "2013"]
[BlackElo "1951"]
[PlyCount "56"]
[EventDate "2005.??.??"]
[Source "www.chesslib.no"]
[SourceDate "2004.05.04"]

1. e4 e5 2. f4 exf4 3. Nf3 g5 4. Bc4 Bg7 5. O-O h6 6. d4 Ne7 7. Nc3 d5 8. Nxd5 Nxd5 9. Bxd5 c6 10. Bb3 O-O 11. c3 Bg4 12. g3 fxg3 13. hxg3 Nd7 14. Qd3 c5 15. Be3 Rc8 16. Nd2 Bh3 17. Bc2 Bxf1 18. Rxf1 Re8 19. e5 Nf8 20. Nc4 Rc7 21. Nd6 Re6 22. Bb3 Rxd6 23. exd6 Qxd6 24. Kh2 Ng6 25. Qc4 cxd4 26. Qa4 dxc3 27. Rxf7 Rxf7 28. Qe8+ Qf8 0-1

[Event "Corr"]
[Site "?"]
[Date "2002.05.15"]
[Round "?"]
[White "Ginther Ron"]
[Black "Mayer Tobias"]
[Result "0-1"]
[WhiteElo "1957"]
[BlackElo "1985"]
[PlyCount "48"]
[EventDate "2002.??.??"]
[Source "www.chesslib.no"]
[SourceDate "2004.05.04"]

1. e4 e5 2. f4 exf4 3. Nf3 g5 4. Bc4 Bg7 5. O-O d6 6. d4 h6 7. c3 Ne7 8. h4 Ng6 9. Qb3 O-O 10. hxg5 hxg5 11. Qb5 Bh6 12. Bb3 a6 13. Qe2 g4 14. Nh2 Qh4 15. Qe1 g3 16. Nf3 Qh5 17. Qe2 Kg7 18. Nbd2 Bg5 19. Rd1 Rh8 20. Kf1 Qh1+ 21. Ng1 Rh2 22. Ndf3 Bg4 23. Rd2 Nc6 24. Bxf7 Nh4 0-1

[Event "Bayernliga 2003/04"]
[Site "?"]
[Date "2004.03.07"]
[Round "7.6"]
[White "Nussbaumer Hans"]
[Black "Lutz Martin[69Kulmbach"]
[Result "0-1"]
[WhiteElo "1967"]
[BlackElo "1944"]
[PlyCount "62"]
[EventDate "2004.??.??"]
[Source "www.chesslib.no"]
[SourceDate "2004.05.04"]

1. e4 e5 2. f4 exf4 3. Nf3 g5 4. Bc4 Bg7 5. O-O d6 6. d4 Nc6 7. c3 h6 8. a4 Bd7 9. Qb3 Qe7 10. a5 O-O-O 11. Qa2 Qxe4 12. b4 Qf5 13. b5 Nb8 14. Na3 Ne7 15. Re1 Ng6 16. a6 bxa6 17. bxa6 Rde8 18. Bd2 g4 19. Qb3 Bc6 20. d5 Ba8 21. Nb5 gxf3 22. Nxa7+ Kd7 23. Bb5+ c6 24. dxc6+ Kc7 25. Bf1 f2+ 26. Kxf2 Qc5+ 27. Kf3 Nxc6 28. Nb5+ Kd7 29. Re4 Rxe4 30. Qxf7+ Re7 31. Qxg6 Ne5+ 0-1

[Event "France (championnat N2)"]
[Site "?"]
[Date "2004.03.13"]
[Round "8.8"]
[White "Rosse Sebastien"]
[Black "L'Hostis Severin"]
[Result "0-1"]
[WhiteElo "1850"]
[BlackElo "2047"]
[PlyCount "81"]
[EventDate "2004.??.??"]
[Source "www.chesslib.no"]
[SourceDate "2004.05.04"]

1. e4 e5 2. f4 exf4 3. Nf3 g5 4. Bc4 Bg7 5. O-O d6 6. d4 h6 7. c3 Nc6 8. Nbd2 Nge7 9. b4 Ng6 10. a4 O-O 11. Ba3 g4 12. Ne1 Qh4 13. Nc2 f3 14. g3 Qg5 15. b5 Nce7 16. Rf2 Kh8 17. Nf1 Be6 18. Bd3 f5 19. exf5 Nxf5 20. Bxf5 Bxf5 21. Nce3 Be4 22. Qd2 Rfe8 23. Nc4 Qxd2 24. Nfxd2 Bd3 25. Nb2 Be2 26. Re1 h5 27. Nb3 Bh6 28. Nd1 Bxd1 29. Rxd1 Be3 30. Nc1 Re4 31. Kf1 Bxf2 32. Kxf2 Rae8 33. c4 Kg7 34. Bb4 Kf7 35. Rd3 Ne7 36. a5 Nf5 37. c5 Rxd4 38. Rxd4 Nxd4 39. b6 axb6 40. cxb6 cxb6 41. axb6 0-1

[Event "Bethune"]
[Site "?"]
[Date "2000.12.28"]
[Round "4"]
[White "Jossien Remy"]
[Black "Pelerin Martin"]
[Result "1-0"]
[WhiteElo "2144"]
[BlackElo "1710"]
[PlyCount "37"]
[EventDate "2000.??.??"]
[Source "www.chesslib.no"]
[SourceDate "2004.05.04"]

1. e4 e5 2. f4 exf4 3. Nf3 g5 4. Bc4 Bg7 5. O-O h6 6. d4 d6 7. Nc3 c6 8. g3 Bh3 9. Rf2 Qd7 10. gxf4 Nf6 11. Kh1 Ng4 12. Re2 b5 13. Bb3 gxf4 14. Bxf4 O-O 15. Qd2 Kh7 16. Rg1 Nf6 17. Rxg7+ Kxg7 18. Bxh6+ Kg8 19. Qg5+ 1-0

[Event "Euskadi Absoluto-97"]
[Site "Euskadi"]
[Date "1997.??.??"]
[Round "4"]
[White "Argaya, M."]
[Black "Gamarra, JA."]
[Result "1-0"]
[WhiteElo "1965"]
[BlackElo "1880"]
[PlyCount "67"]
[EventDate "1997.??.??"]
[Source "www.chesslib.no"]
[SourceDate "2004.05.04"]

1. e4 e5 2. f4 exf4 3. Nf3 g5 4. Bc4 Bg7 5. O-O d6 6. c3 Nc6 7. d4 Bg4 8. Qb3 Nh6 9. Qxb7 Bd7 10. Bd5 Rb8 11. Qa6 Rb6 12. Qd3 O-O 13. Nbd2 Kh8 14. Nc4 Rb8 15. e5 Bf5 16. Be4 Bxe4 17. Qxe4 d5 18. Qe2 dxc4 19. Qxc4 Rb6 20. b3 Ng8 21. Ba3 Re8 22. Qxf7 h6 23. Qh5 Bf8 24. Bc1 Nb8 25. Nxg5 Qd7 26. Rxf4 Re7 27. Rxf8 Kg7 28. Rxg8+ Kxg8 29. Ne4 Qb5 30. Ba3 Rf7 31. c4 Qd7 32. d5 Qe7 33. e6 Rf1+ 34. Rxf1 1-0

[Event "06.Traum-Open 1999 Chessorg"]
[Site "?"]
[Date "1999.07.03"]
[Round "9"]
[White "Schwarz Werner"]
[Black "Mitzel Robert"]
[Result "1-0"]
[WhiteElo "1904"]
[BlackElo "1921"]
[PlyCount "57"]
[EventDate "1999.??.??"]
[Source "www.chesslib.no"]
[SourceDate "2004.05.04"]

1. e4 e5 2. f4 exf4 3. Nf3 g5 4. Bc4 Bg7 5. O-O d6 6. d4 h6 7. h3 Nc6 8. c3 Nge7 9. Nbd2 O-O 10. Re1 Ng6 11. Nf1 Qe7 12. Bd2 h5 13. Qc2 Qf6 14. Be2 Bd7 15. N3h2 Rfe8 16. Bxh5 Re7 17. Bf3 Nh4 18. Bg4 f3 19. gxf3 Bxg4 20. fxg4 Rae8 21. Ng3 Nf3+ 22. Nxf3 Qxf3 23. Re3 Qf6 24. Rf1 Qg6 25. Nf5 Rd7 26. Ref3 Nd8 27. Bc1 c5 28. d5 Be5 29. Qa4 1-0

[Event "Staunton CC King´s Gambit theme-D"]
[Site "Groningen"]
[Date "2002.09.07"]
[Round "2"]
[White "Jelic, Bruno"]
[Black "Wiggerman, Jan"]
[Result "1-0"]
[WhiteElo "2047"]
[BlackElo "1752"]
[PlyCount "35"]
[EventDate "2002.09.??"]
[Source "ChessBase"]
[SourceDate "2002.11.06"]

1. e4 e5 2. f4 exf4 3. Nf3 g5 4. Bc4 Bg7 5. O-O d6 6. Nc3 Nc6 7. d4 Bg4 8. Bb5 a6 9. Bxc6+ bxc6 10. Qd3 Bxf3 11. Rxf3 Ne7 12. b3 O-O 13. Ba3 Ng6 14. Raf1 Qd7 15. e5 Nh4 16. Rh3 Rfe8 17. Ne4 Qf5 18. Rxh4 1-0

[Event "Corr"]
[Site "?"]
[Date "2002.06.04"]
[Round "?"]
[White "Brunetti Alex"]
[Black "Castillo German"]
[Result "0-1"]
[WhiteElo "1905"]
[BlackElo "1870"]
[PlyCount "20"]
[EventDate "2002.??.??"]
[Source "www.chesslib.no"]
[SourceDate "2004.05.04"]

1. e4 e5 2. f4 exf4 3. Nf3 g5 4. Bc4 Bg7 5. O-O Nc6 6. d4 g4 7. Ne5 Nxe5 8. dxe5 f3 9. gxf3 Qe7 10. Qd3 g3 0-1

[Event "Corr"]
[Site "?"]
[Date "2000.12.07"]
[Round "?"]
[White "Ventimiglia Chuck"]
[Black "Torwong Peerapol"]
[Result "1/2-1/2"]
[WhiteElo "1981"]
[BlackElo "1663"]
[PlyCount "55"]
[EventDate "2000.??.??"]
[Source "www.chesslib.no"]
[SourceDate "2004.05.04"]

1. e4 e5 2. f4 exf4 3. Nf3 g5 4. Bc4 Bg7 5. O-O d6 6. d4 h6 7. c3 Nc6 8. Qa4 Bd7 9. Qb3 Na5 10. Bxf7+ Kf8 11. Qa3 Kxf7 12. Qxa5 c5 13. Qa3 Qc7 14. Qb3+ c4 15. Qc2 Ne7 16. b3 d5 17. Nbd2 cxb3 18. axb3 Rhc8 19. Bb2 Qb6 20. Kh1 dxe4 21. Qxe4 Bf5 22. Qe2 Nd5 23. Nc4 Qc7 24. Ra5 Rd8 25. Nfe5+ Kg8 26. Qf3 Be6 27. Rc5 Qe7 28. Re1 1/2-1/2

[Event "Corr"]
[Site "?"]
[Date "1999.09.03"]
[Round "?"]
[White "Jobe Tom"]
[Black "Rasalingam Haran"]
[Result "0-1"]
[WhiteElo "1636"]
[BlackElo "1936"]
[PlyCount "94"]
[EventDate "1999.??.??"]
[Source "www.chesslib.no"]
[SourceDate "2004.05.04"]

1. e4 e5 2. f4 exf4 3. Nf3 g5 4. Bc4 Bg7 5. O-O d6 6. d4 Nc6 7. c3 h6 8. Qb3 Qd7 9. Na3 Na5 10. Qc2 Nxc4 11. Nxc4 Ne7 12. h4 a6 13. hxg5 hxg5 14. Nxg5 Qb5 15. Nxd6+ cxd6 16. Bxf4 Bg4 17. Rae1 Rd8 18. a4 Qd7 19. Bg3 f6 20. Qb3 Ng6 21. e5 dxe5 22. Nf3 Bxf3 23. Rxf3 Qd5 24. Qc2 Ne7 25. Rfe3 Nc6 26. dxe5 fxe5 27. Qf5 Qf7 28. Qe4 Qh5 29. Rf3 Qh1+ 30. Kf2 Rd2+ 31. Re2 Rxe2+ 32. Qxe2 Qb1 33. b4 Rh1 34. Rd3 Qg1+ 35. Kf3 Qf1+ 36. Qxf1 Rxf1+ 37. Ke4 a5 38. bxa5 Ra1 39. Kd5 Rxa4 40. Kc5 Nxa5 41. Re3 Rg4 42. Be1 Rxg2 43. Rg3 Rxg3 44. Bxg3 e4 45. Be1 e3 46. Kb6 Nc4+ 47. Kxb7 e2 0-1

[Event "Corr"]
[Site "?"]
[Date "1999.02.04"]
[Round "?"]
[White "Dobrin Doron"]
[Black "El Messiry Raouf"]
[Result "0-1"]
[WhiteElo "1639"]
[BlackElo "1819"]
[PlyCount "62"]
[EventDate "1999.??.??"]
[Source "www.chesslib.no"]
[SourceDate "2004.05.04"]

1. e4 e5 2. f4 exf4 3. Nf3 g5 4. Bc4 Bg7 5. O-O d6 6. c3 h6 7. Qb3 Qe7 8. d4 Nd7 9. Na3 Nb6 10. Bd3 Nf6 11. Nc4 Be6 12. d5 Bd7 13. a4 O-O 14. Nxb6 axb6 15. Qc4 c6 16. Bd2 Rfc8 17. dxc6 Bxc6 18. Qb4 Nxe4 19. Rfe1 f5 20. Qxb6 Qf7 21. Bc1 Nc5 22. Bc2 Ra6 23. Qb4 Be4 24. Bxe4 fxe4 25. Rxe4 Nxe4 26. Qxe4 Rc4 27. Qd3 Rcxa4 28. Rxa4 Rxa4 29. Qxd6 Ra1 30. Qd1 Qe6 31. Nd2 Qe3+ 0-1

[Event "8, Budapesti Nyar op"]
[Site "?"]
[Date "1999.04.22"]
[Round "7"]
[White "Buckley, M."]
[Black "Gervasio, R."]
[Result "0-1"]
[WhiteElo "1830"]
[BlackElo "1610"]
[PlyCount "64"]
[EventDate "1998.??.??"]
[Source "www.chesslib.no"]
[SourceDate "2004.05.04"]

1. e4 e5 2. f4 exf4 3. Nf3 g5 4. Bc4 Bg7 5. O-O Nc6 6. d4 d6 7. c3 Bg4 8. g3 fxg3 9. Bxf7+ Ke7 10. Bxg8 gxh2+ 11. Kh1 Qxg8 12. Bxg5+ Kd7 13. d5 Bxf3+ 14. Qxf3 Ne5 15. Qf5+ Ke8 16. Nd2 Qf7 17. Nf3 Qxf5 18. exf5 Nxf3 19. Rxf3 Be5 20. Bf4 Bxf4 21. Rxf4 Kf7 22. Kxh2 Rae8 23. Raf1 Kf6 24. c4 Rhg8 25. b4 Re5 26. a4 Rg5 27. a5 Rgxf5 28. b5 Rxf4 29. Rxf4+ Rf5 30. Kg3 Rxf4 31. Kxf4 h5 32. c5 dxc5 0-1

[Event "Baden Baden"]
[Site "?"]
[Date "2002.??.??"]
[Round "4"]
[White "Wohlfahrt Rainer"]
[Black "Mrinski Eugen"]
[Result "1/2-1/2"]
[WhiteElo "2126"]
[BlackElo "1273"]
[PlyCount "115"]
[EventDate "2002.??.??"]
[Source "www.chesslib.no"]
[SourceDate "2004.05.04"]

1. e4 e5 2. f4 exf4 3. Nf3 g5 4. Bc4 Bg7 5. O-O d6 6. d4 Be6 7. Bxe6 fxe6 8. c3 Nd7 9. Qb3 h6 10. Qxe6+ Qe7 11. Qg6+ Qf7 12. Qxf7+ Kxf7 13. h4 Bf6 14. g3 Re8 15. gxf4 g4 16. Nfd2 h5 17. Na3 Bxh4 18. Nb5 Bd8 19. e5 a6 20. Na3 Nh6 21. Ne4 Nf5 22. Nc2 d5 23. Ng5+ Kg6 24. Ne3 Rhf8 25. Nxd5 c6 26. Ne3 Ng3 27. Re1 Rxf4 28. Ng2 Rff8 29. Ne4 Nxe4 30. Rxe4 Bg5 31. Bxg5 Kxg5 32. Rae1 Re6 33. c4 Nb6 34. b3 Rf7 35. Rd1 Nd7 36. Rde1 Nb6 37. R1e2 Ree7 38. e6 Rf6 39. a4 a5 40. Re5+ Rf5 41. Rxf5+ Kxf5 42. Re5+ Kf6 43. Rxh5 Rxe6 44. Rxa5 Re4 45. Ra7 Nd7 46. Rxb7 Rxd4 47. a5 g3 48. Ne3 Kg5 49. a6 Ne5 50. a7 Rd2 51. Rf7 Nxf7 52. a8=Q Ne5 53. Qa5 Kf4 54. Nd5+ Ke4 55. Nf6+ Kf5 56. Ne8 Ke4 57. Nf6+ Kf5 58. Nh5 1/2-1/2

[Event "Staunton CC King´s Gambit theme-E"]
[Site "Groningen"]
[Date "2002.09.07"]
[Round "3"]
[White "Ensink, Titus"]
[Black "Stallinga, Robert"]
[Result "1-0"]
[WhiteElo "1730"]
[BlackElo "1665"]
[PlyCount "89"]
[EventDate "2002.09.??"]
[Source "ChessBase"]
[SourceDate "2002.11.06"]

1. e4 e5 2. f4 exf4 3. Nf3 g5 4. Bc4 Bg7 5. O-O d6 6. d4 h6 7. Nc3 Nf6 8. e5 dxe5 9. dxe5 Nfd7 10. Qe2 O-O 11. e6 fxe6 12. Bxe6+ Kh8 13. Bg4 c6 14. h4 Re8 15. Qf2 Ne5 16. Bxc8 Nxf3+ 17. Qxf3 Qxc8 18. hxg5 hxg5 19. Qh5+ Kg8 20. Qxg5 Nd7 21. Bxf4 Nf8 22. Qg3 Qd8 23. Bh6 Qd4+ 24. Kh2 Re6 25. Bxg7 Qxg7 26. Qxg7+ Kxg7 27. Rf3 Ng6 28. Raf1 Ne5 29. Rf5 Rae8 30. Rg5+ Rg6 31. Rxg6+ Kxg6 32. b3 Ng4+ 33. Kg3 Re3+ 34. Kxg4 Rxc3 35. Rf2 b5 36. Kf4 a5 37. Ke4 Kg5 38. Kd4 b4 39. a4 Kg4 40. Ke5 Kg3 41. Re2 Rc5+ 42. Kd6 Rc3 43. Kc7 c5 44. Kb6 c4 45. bxc4 1-0

[Event "Finistere-chT 0102"]
[Site "?"]
[Date "2002.01.12"]
[Round "3.6"]
[White "Cueff Denis"]
[Black "Kerebel Regis"]
[Result "1-0"]
[WhiteElo "1490"]
[BlackElo "1840"]
[PlyCount "49"]
[EventDate "2002.??.??"]
[Source "www.chesslib.no"]
[SourceDate "2004.05.04"]

1. e4 e5 2. f4 exf4 3. Nf3 g5 4. Bc4 Bg7 5. O-O g4 6. Ne1 Bd4+ 7. Kh1 Qh4 8. d3 Nf6 9. c3 Be3 10. Bxe3 fxe3 11. e5 d5 12. exd6 Nc6 13. Qe2 Be6 14. Qxe3 Kd7 15. Bxe6+ fxe6 16. Nd2 cxd6 17. Nc2 Ne7 18. Nd4 e5 19. Nf5 Nxf5 20. Rxf5 Ke6 21. Raf1 Nd5 22. Qe4 Qh6 23. Nc4 b5 24. Nxe5 Qe3 25. Qxd5+ 1-0

[Event "AUS Ch"]
[Site "?"]
[Date "2004.01.03"]
[Round "5.32"]
[White "Obst James"]
[Black "Pleskot Sylvia"]
[Result "1-0"]
[WhiteElo "1539"]
[BlackElo "1726"]
[PlyCount "57"]
[EventDate "2004.??.??"]
[Source "www.chesslib.no"]
[SourceDate "2004.05.04"]

1. e4 e5 2. f4 exf4 3. Nf3 g5 4. Bc4 Bg7 5. O-O d6 6. d4 Be6 7. Qd3 Bxc4 8. Qxc4 c6 9. Nxg5 Qxg5 10. Bxf4 Qb5 11. Na3 Qxc4 12. Nxc4 Bxd4+ 13. Kh1 Nf6 14. Nxd6+ Kd7 15. Rad1 c5 16. c3 Ke6 17. cxd4 cxd4 18. Bg5 Nbd7 19. Nb5 Rhc8 20. Nxd4+ Ke5 21. Rf5+ Kxe4 22. Bxf6 Nxf6 23. Rxf6 Rd8 24. Rxf7 Rac8 25. Re7+ Kf4 26. Rf1+ Kg5 27. Rg7+ Kh6 28. Nf5+ Kh5 29. g4# 1-0

[Event "Groningen Harmonie op-B"]
[Site "?"]
[Date "2002.??.??"]
[Round "7.8"]
[White "Mostertman Milan"]
[Black "Leentjens Gilbert"]
[Result "0-1"]
[WhiteElo "1384"]
[BlackElo "1781"]
[PlyCount "30"]
[EventDate "2002.??.??"]
[Source "www.chesslib.no"]
[SourceDate "2004.05.04"]

1. e4 e5 2. f4 exf4 3. Nf3 g5 4. Bc4 Bg7 5. O-O Nc6 6. c3 d6 7. d4 Nh6 8. Qb3 Rb8 9. Nxg5 Qxg5 10. Bxf4 Qg6 11. Bxh6 Qxh6 12. Bb5 Bd7 13. Qxf7+ Kd8 14. d5 Rf8 15. dxc6 Rxf7 0-1